000 00723cam a22002533a 4500
001 17064
003 PGUSA
005 20140828083350.0
008 051114s2005||||xxu|||||s|||||000 1 eng d
040 _aPGUSA
_beng
042 _adc
050 4 _aPZ
100 1 _aHope, Laura Lee
245 1 4 _aThe Story of a Plush Bear
_h[electronic resource] /
_cLaura Lee Hope
260 _bProject Gutenberg,
_c2005
506 _aPublic domain in the USA.
516 _aElectronic text
653 _aTeddy bears -- Juvenile fiction
653 _aStuffed animals (Toys) -- Juvenile fiction
700 1 _aSmith, Harry L.
830 0 _aProject Gutenberg
_v17064
856 4 0 _uhttp://www.gutenberg.org/ebooks/17064
942 _cEB
999 _c246319
_d246319